000
00261nam a22001097a 4500
008
170112b xxu||||| |||| 00| 0 eng d
020
_a
0893035912
041
_a
eng
080
_2
4TH
_a
618.2
245
_a
BEING A NURSING ASSISTANT
_c
SCHNIEDMAN, R
942
_2
udc
_c
BK
999
_c
2758
_d
2758